| 000 | 00522 a2200217 4500 | ||
|---|---|---|---|
| 005 | 20260514101620.0 | ||
| 008 | 260513b |||||||| |||| 00| 0 eng d | ||
| 020 |
_a9789385099533 _cRs. 2495.00 |
||
| 040 | _aMAIN | ||
| 082 |
_a181.452 _bJ78Y |
||
| 100 | _aJoshi, Deepak H | ||
| 245 | _aYoga shastra | ||
| 260 |
_c2025 _aDelhi _bSurabhi Publications |
||
| 300 | _a254 | ||
| 650 | _aYoga | ||
| 650 | _aYoga Philosophy | ||
| 650 | _aYogashastra | ||
| 650 | _aHindu Philosophy | ||
| 650 | _aHinduism | ||
| 942 | _cBK | ||
| 999 |
_c396112 _d396112 |
||